| 000 | 00771nam a2200241 a 4500 | ||
|---|---|---|---|
| 001 | 33382 | ||
| 003 | BD-RjUL | ||
| 005 | 20211209052011.0 | ||
| 008 | 140507r19581936enk b 001 0 eng d | ||
| 035 | _a(BD-RjUL)33473 | ||
| 040 |
_aDLC _cWSU _dSER _dBD-RjUL _beng |
||
| 041 | _aeng | ||
| 082 | 0 | 4 |
_a323.4 _bLAR 1958 |
| 100 | 1 |
_aLaski, Harold Joseph, _d1893-1950. _96133 |
|
| 245 | 1 | 4 |
_aThe rise of European liberalism : _ban essay in interpretation / _cby Harold J. Laski. |
| 260 |
_aLondon : _bG. Allen & Unwin, _c1936 [impression 1958]. |
||
| 300 |
_a287 p. ; _c19 cm. |
||
| 504 | _a"Notes" (chiefly bibliographical): p. 265-280 and index. | ||
| 650 | 0 |
_aLiberalism. _9101321 |
|
| 650 | 0 |
_aPolitical science _xHistory. _9101322 |
|
| 942 |
_2ddc _cBK |
||
| 999 |
_c33382 _d33382 |
||